UITU Library & LRC     

MENSA Management Information System (Record no. 32266)

MARC details
000 -LEADER
fixed length control field 00483nam a2200133Ia 4500
008 - FIXED-LENGTH DATA ELEMENTS--GENERAL INFORMATION
fixed length control field 260210s9999 xx 000 0 und d
024 ## - OTHER STANDARD IDENTIFIER
Standard number or code 01B11-BCS3Y, 01B-13-BCS3Y, 00B-47-BCS3Y & 00B-05-BCS3Y
082 ## - DEWEY DECIMAL CLASSIFICATION NUMBER
Classification number 658.1072 ARS
100 ## - MAIN ENTRY--PERSONAL NAME
Personal name Arsalan Rashid, Salman Ali rana, Syed Samiuddin Ahmad & Hassan Bin Junaid
245 #0 - TITLE STATEMENT
Title MENSA Management Information System
260 ## - PUBLICATION, DISTRIBUTION, ETC.
Place of publication, distribution, etc. Karachi:
Name of publisher, distributor, etc. UITU,
Date of publication, distribution, etc. 2001
600 ## - SUBJECT ADDED ENTRY--PERSONAL NAME
Personal name Computer Science
650 ## - SUBJECT ADDED ENTRY--TOPICAL TERM
Topical term or geographic name entry element Bachelor of Computer Science (BS)

No items available.

Powered by Koha